<?xml version="1.0" encoding="UTF-8"?>
<record
    xmlns:xsi="http://www.w3.org/2001/XMLSchema-instance"
    xsi:schemaLocation="http://www.loc.gov/MARC21/slim http://www.loc.gov/standards/marcxml/schema/MARC21slim.xsd"
    xmlns="http://www.loc.gov/MARC21/slim">

  <leader>01893nam a2200205Ia 4500</leader>
  <controlfield tag="001">a1983-48837 </controlfield>
  <controlfield tag="003">IT-MiCISF</controlfield>
  <controlfield tag="008">161014s9999||||xx |||||||||||||| ||und||</controlfield>
  <datafield tag="040" ind1=" " ind2=" ">
    <subfield code="a">IT-MiCISF</subfield>
    <subfield code="c">IT-MiCISF</subfield>
  </datafield>
  <datafield tag="041" ind1=" " ind2=" ">
    <subfield code="a">it</subfield>
  </datafield>
  <datafield tag="100" ind1=" " ind2=" ">
    <subfield code="a">Pati Luigi (a cura di)</subfield>
  </datafield>
  <datafield tag="245" ind1=" " ind2="0">
    <subfield code="a">Il valore educativo delle relazioni tra le generazioni</subfield>
    <subfield code="b">Coltivare i legami tra nonni, figli, nipoti</subfield>
  </datafield>
  <datafield tag="250" ind1=" " ind2=" ">
    <subfield code="a">1a ed.</subfield>
  </datafield>
  <datafield tag="260" ind1=" " ind2=" ">
    <subfield code="a"> Cantalupa (TO)</subfield>
    <subfield code="b">Effat&#xE0;</subfield>
    <subfield code="c">2010</subfield>
  </datafield>
  <datafield tag="300" ind1=" " ind2=" ">
    <subfield code="a">pp. 173</subfield>
  </datafield>
  <datafield tag="500" ind1=" " ind2=" ">
    <subfield code="a">Amadini M., Baruffi C., Bellingreri A., Bonini Valetti I., Iori V., Lo Sapio G., Pati L., Simeone D., Zini P. / famiglia, rapporti-nonni-nipoti, rapporti-intergenerazionali, educazione-familiare / Le relazioni tra le generazioni acquistano un'importanza fondamentale ai fini dell'avvento di una societ&#xE0; sempre pi&#xF9; accogliente e solidale. Ad esse, infatti, si collegano direttamente i valori della tradizione, della cultura educativa, delle nuove forme di organizzazione sociale, nonch&#xE9; il rispetto delle generazioni in ascesa verso quelle precedenti e il riconoscimento del valore del tempo trascorso. Riflettere sul rapporto tra le generazioni significa pertanto soffermarsi sul valore del passato che vive nel presente e che concorre alla formazione del futuro. Da qui l'importanza dei nonni nella crescita delle nuove generazioni. Essi, infatti, risultano preziosi a livello educativo: non possono e non devono pertanto essere ridotti, come spesso purtroppo accade, a meri sostenitori dell'economia familiare, ma essere, invece, riferimento e guida educativa sicura, tanto ricco &#xE8; il patrimonio di esperienza e di qualit&#xE0; di vita di cui essi sono portatori. Essere nonni &#xE8; una peculiare et&#xE0; della vita alla quale occorre prepararsi, "un bel tempo" da vivere nella rete dei legami intergenerazionali.</subfield>
  </datafield>
  <datafield tag="650" ind1=" " ind2=" ">
    <subfield code="a"> Dinamiche familiari / famiglia</subfield>
    <subfield code="e">001</subfield>
  </datafield>
  <datafield tag="942" ind1=" " ind2=" ">
    <subfield code="c">BK</subfield>
  </datafield>
  <datafield tag="957" ind1=" " ind2=" ">
    <subfield code="7">1</subfield>
  </datafield>
  <datafield tag="999" ind1=" " ind2=" ">
    <subfield code="a">48837</subfield>
    <subfield code="b">si</subfield>
    <subfield code="g">1</subfield>
    <subfield code="c">217194</subfield>
    <subfield code="d">217194</subfield>
  </datafield>
  <datafield tag="952" ind1=" " ind2=" ">
    <subfield code="0">0</subfield>
    <subfield code="1">0</subfield>
    <subfield code="4">0</subfield>
    <subfield code="6">A_198348837</subfield>
    <subfield code="7">1</subfield>
    <subfield code="a">CISF</subfield>
    <subfield code="b">CISF</subfield>
    <subfield code="d">2016-10-14</subfield>
    <subfield code="l">0</subfield>
    <subfield code="o">a1983-48837 </subfield>
    <subfield code="r">2016-10-14 00:00:00</subfield>
    <subfield code="w">2016-10-14</subfield>
    <subfield code="y">BK</subfield>
    <subfield code="z">Data import 15.10.2016 / by Epidotti, Vaglietti</subfield>
  </datafield>
</record>
